| 000 | 01105nam a22003737a 4500 | ||
|---|---|---|---|
| 001 | 0001022 | ||
| 003 | KOHA_MİRAKIL | ||
| 005 | 20260207001227.0 | ||
| 007 | ta | ||
| 008 | 081212b2007 tu |||gr||||#||||0|tur | | ||
| 020 |
_a9758878085 _cYTL11,69 |
||
| 040 |
_aTR-BiSEU _btur _cTR-BiSEU _erda |
||
| 041 | 0 | _atur | |
| 044 | _ctu | ||
| 050 |
_aQA76.9.A44 _bE34 2007 |
||
| 100 | 1 | _aEker, Mustafa. | |
| 245 | 1 |
_aAlgoritmayı anlamak/ _cMustafa Eker ; Mustafa Eker. |
|
| 250 | _a3.bs. | ||
| 264 | 1 |
_aAnkara : _bNirvana Yayınları _c2007 |
|
| 300 | _a147 sayfa | ||
| 336 |
_ametin _btxt _2rdacontent |
||
| 337 |
_aaracısız _bn _2rdamedia |
||
| 338 |
_acilt _bnc _2rdacarrier |
||
| 490 | 1 |
_aYayın ; _vno. |
|
| 490 | 1 |
_a9 Bilgi teknolojileri dizisi ; _v2. |
|
| 650 | 0 |
_aBilgisayar programlama. _93760 |
|
| 650 | 0 |
_aComputer programming. _93761 |
|
| 650 | 0 |
_aComputer algorithms. _93762 |
|
| 650 | 0 |
_aBilgisayar Algoritmaları. _93763 |
|
| 650 | 0 |
_aAlgoritmalar (Bilgisayar). _93764 |
|
| 830 | 1 |
_aYayın ; _vno. _91557 |
|
| 830 | 1 |
_a9 Bilgi teknolojileri dizisi ; _v2. _93765 |
|
| 942 |
_2lcc _cBK |
||
| 999 |
_c1017 _d1017 |
||